[Event "St Petersburg FINEC GM-A"]
[Site "St Petersburg"]
[Date "2008.01.26"]
[Round "3"]
[White "Mihajlovskij, Sergei"]
[Black "Lanin, Alexsej"]
[Result "1-0"]
[WhiteElo "2466"]
[BlackElo "2456"]
[PlyCount "119"]
[EventDate "2008.01.24"]
[EventType "tourn"]
[EventRounds "9"]
[EventCountry "RUS"]
[EventCategory "10"]
[SourceTitle "CBM 122 Extra"]
[Source "ChessBase"]
[SourceDate "2008.03.04"]
[SourceVersion "1"]
[SourceVersionDate "2008.03.04"]
[SourceQuality "1"]

1. Nf3 c5 2. g3 d5 3. Bg2 Nc6 4. 0-0 e5 5. d3 Nf6 6. e4 dxe4 7. dxe4 Qxd1 8. Rxd1 Bg4 9. c3 Nxe4 10. Na3 Nd6 11. h3 Bxf3 12. Bxf3 Be7 13. Rd5 0-0-0 14. Rxc5 Nf5 15. Rc4 Bxa3 16. bxa3 Kc7 17. Rb1 f6 18. Kg2 Nd6 19. Rc5 e4 20. Be2 b6 21. Rd5 Nf7 22. Rdb5 Rhe8 23. a4 Nd6 24. Rd5 g5 25. c4 Ne7 26. Rd1 Nb7 27. Bb2 Ng8 28. Bh5 Rxd1 29. Rxd1 Rf8 30. Ba3 Rd8 31. Rxd8 Kxd8 32. Bf7 Ne7 33. Bb2 Nd6 34. Be6 Ne8 35. a5 bxa5 36. h4 gxh4 37. gxh4 Ng6 38. Kg3 Ke7 39. Bf5 Nd6 40. Ba3 Ne5 41. Bxh7 Nexc4 42. Bc5 Ke6 43. Kf4 f5 44. Bg8+ Kf6 45. h5 Kg7 46. Bxc4 Nxc4 47. Kg5 f4 48. Bd4+ Kh7 49. Kxf4 Kh6 50. Kg4 a6 51. Be3+ Kh7 52. Kf5 Nd6+ 53. Ke5 Nb5 54. Bd2 Na3 55. Kxe4 a4 56. Kd3 Nb5 57. Kc4 Nd6+ 58. Kb4 Ne4 59. Be3 Nf6 60. h6 1-0

[Event "St Petersburg White Nights op"]
[Site "St Petersburg"]
[Date "2007.06.30"]
[Round "6"]
[White "Soloviov, Sergei"]
[Black "Lanin, Alexsej"]
[Result "1/2-1/2"]
[WhiteElo "2422"]
[BlackElo "2465"]
[PlyCount "45"]
[EventDate "2007.06.25"]
[EventType "swiss"]
[EventRounds "9"]
[EventCountry "RUS"]
[SourceTitle "CBM 119 Extra"]
[Source "ChessBase"]
[SourceDate "2007.09.04"]
[SourceVersion "1"]
[SourceVersionDate "2007.09.04"]
[SourceQuality "1"]

1. e4 c5 2. Nf3 d6 3. d4 cxd4 4. Nxd4 Nf6 5. Nc3 a6 6. Be3 e5 7. Nb3 Be6 8. Qd2 Be7 9. f3 0-0 10. 0-0-0 Qc7 11. g4 Rc8 12. Kb1 d5 13. g5 d4 14. gxf6 dxc3 15. Qxc3 Qxc3 16. bxc3 Bxf6 17. Nc5 Kf8 18. Nxe6+ fxe6 19. Rd3 Ke7 20. Bh3 Nd7 21. Rhd1 Nf8 22. Bc1 Kf7 23. Ba3 1/2-1/2

[Event "St Petersburg White Nights op"]
[Site "St Petersburg"]
[Date "2007.06.26"]
[Round "2"]
[White "Ivkina, Olga"]
[Black "Lanin, Alexsej"]
[Result "0-1"]
[WhiteElo "2198"]
[BlackElo "2465"]
[PlyCount "122"]
[EventDate "2007.06.25"]
[EventType "swiss"]
[EventRounds "9"]
[EventCountry "RUS"]
[SourceTitle "CBM 119 Extra"]
[Source "ChessBase"]
[SourceDate "2007.09.04"]
[SourceVersion "1"]
[SourceVersionDate "2007.09.04"]
[SourceQuality "1"]

1. e4 c5 2. Nf3 d6 3. Bb5+ Nc6 4. 0-0 Bd7 5. c3 a6 6. Ba4 Nf6 7. Re1 b5 8. Bc2 Bg4 9. d3 e6 10. h3 Bh5 11. Bf4 Be7 12. Nbd2 0-0 13. Nf1 d5 14. e5 Nd7 15. Ng3 Bg6 16. d4 c4 17. Bxg6 fxg6 18. Qd2 h6 19. h4 Bxh4 20. Bxh6 Rxf3 21. gxf3 gxh6 22. Qxh6 Qg5 23. Qxg5 Bxg5 24. Ne2 b4 25. f4 Be7 26. Kg2 a5 27. Rh1 Nf8 28. a4 bxa3 29. bxa3 a4 30. Rhb1 Na5 31. Rb6 Kf7 32. f5 gxf5 33. Rh1 Ra7 34. Nf4 Nb7 35. Rhb1 Nd8 36. Rb8 Ke8 37. Nh5 Nd7 38. Rc8 Bxa3 39. Nf6+ Nxf6 40. exf6 Bd6 41. Rh1 Rf7 42. Ra8 Rxf6 43. Rxa4 Rg6+ 44. Kf3 Nf7 45. Ra7 Kf8 46. Rb1 Kg7 47. Rb6 Kf6 48. Rxf7+ Kxf7 49. Rxd6 Rg1 50. Ke2 Rc1 51. Kd2 Ra1 52. Rd7+ Kf6 53. Rh7 Ra2+ 54. Ke3 Rc2 55. Rh6+ Ke7 56. Rh7+ Kd6 57. Ra7 Rxc3+ 58. Kf4 Rc2 59. Ra6+ Ke7 60. f3 Kf6 61. Rc6 Rd2 0-1

[Event "St Petersburg-ch"]
[Site "St Petersburg"]
[Date "2007.06.05"]
[Round "8"]
[White "Lanin, Alexsej"]
[Black "Zacurdajev, Mikhail"]
[Result "1/2-1/2"]
[WhiteElo "2465"]
[BlackElo "2384"]
[PlyCount "20"]
[EventDate "2007.05.29"]
[EventType "tourn"]
[EventRounds "11"]
[EventCountry "RUS"]
[EventCategory "9"]
[SourceTitle "CBM 118 Extra"]
[Source "ChessBase"]
[SourceDate "2007.07.04"]
[SourceVersion "1"]
[SourceVersionDate "2007.07.04"]
[SourceQuality "1"]

1. e4 e6 2. d4 d5 3. Nc3 Bb4 4. e5 c5 5. Bd2 Ne7 6. Nb5 Bxd2+ 7. Qxd2 0-0 8. dxc5 Nd7 9. f4 Nxc5 10. Qe3 Qa5+ 1/2-1/2

[Event "St Petersburg-ch"]
[Site "St Petersburg"]
[Date "2007.06.02"]
[Round "5"]
[White "Matlakov, Maxim"]
[Black "Lanin, Alexsej"]
[Result "1/2-1/2"]
[WhiteElo "2440"]
[BlackElo "2465"]
[PlyCount "59"]
[EventDate "2007.05.29"]
[EventType "tourn"]
[EventRounds "11"]
[EventCountry "RUS"]
[EventCategory "9"]
[SourceTitle "CBM 118 Extra"]
[Source "ChessBase"]
[SourceDate "2007.07.04"]
[SourceVersion "1"]
[SourceVersionDate "2007.07.04"]
[SourceQuality "1"]

1. d4 Nf6 2. c4 e6 3. Nf3 b6 4. Nc3 Bb4 5. e3 0-0 6. Bd3 Bb7 7. 0-0 Bxc3 8. bxc3 d6 9. Nd2 e5 10. e4 Re8 11. Re1 Nbd7 12. a4 Nf8 13. Ra2 Ne6 14. Nb3 Nd7 15. f3 Qf6 16. Be3 h5 17. Rf2 Rad8 18. g3 Qg6 19. Rg2 h4 20. Nd2 h3 21. Rf2 Nf4 22. Bf1 f5 23. d5 Ng2 24. Bxg2 hxg2 25. exf5 Qxf5 26. g4 Qd3 27. Bg5 Rb8 28. Re3 Qg6 29. h4 Nc5 30. Kxg2 1/2-1/2

[Event "St Petersburg-ch"]
[Site "St Petersburg"]
[Date "2007.05.30"]
[Round "2"]
[White "Lanin, Alexsej"]
[Black "Smirnov, Artem"]
[Result "0-1"]
[WhiteElo "2465"]
[BlackElo "2403"]
[PlyCount "120"]
[EventDate "2007.05.29"]
[EventType "tourn"]
[EventRounds "11"]
[EventCountry "RUS"]
[EventCategory "9"]
[SourceTitle "CBM 118 Extra"]
[Source "ChessBase"]
[SourceDate "2007.07.04"]
[SourceVersion "1"]
[SourceVersionDate "2007.07.04"]
[SourceQuality "1"]

1. e4 e5 2. Nf3 Nc6 3. Bb5 f5 4. Nc3 fxe4 5. Nxe4 Nf6 6. Qe2 d5 7. Nxf6+ gxf6 8. Nh4 Qe7 9. 0-0 Bd7 10. Bxc6 Bxc6 11. f4 0-0-0 12. d3 Rg8 13. Kh1 Qe8 14. fxe5 fxe5 15. Rf5 e4 16. dxe4 Be7 17. Nf3 Bb5 18. Qe1 dxe4 19. Ne5 Bb4 20. c3 Qe6 21. Rh5 Be8 22. Rh3 Bd6 23. Nf3 Qg4 24. Nh4 Bg3 25. Rxg3 Rd1 26. Bd2 Rxe1+ 27. Rxe1 Qe6 28. Rxg8 Qxg8 29. a3 Qg4 30. g3 Bb5 31. Kg1 Bd3 32. Ng2 b6 33. Bf4 Qe6 34. Rd1 Qb3 35. Rd2 Qa2 36. Kf2 Qb1 37. Ne1 Bb5 38. Be3 Qa2 39. Kg1 Qb1 40. Kf2 Qa2 41. Kg1 Qe6 42. Kg2 h5 43. Kg1 Qg4 44. Bf4 Bc6 45. Ng2 Qe6 46. Kf2 Qa2 47. Ne1 Bd7 48. Ng2 Bh3 49. Re2 Bxg2 50. Kxg2 Qb1 51. Kf2 c5 52. h4 Kd7 53. Rd2+ Ke6 54. Rd6+ Kf5 55. Rd2 Qh1 56. Re2 Kg4 57. Ke3 Qf3+ 58. Kd2 Qd3+ 59. Ke1 e3 60. Bxe3 Kf3 0-1

[Event "RUS-chT2"]
[Site "Sochi"]
[Date "2007.05.09"]
[Round "7"]
[White "Aliavdin, Nikolai"]
[Black "Lanin, Alexsej"]
[Result "0-1"]
[WhiteElo "2421"]
[BlackElo "2465"]
[PlyCount "104"]
[EventDate "2007.05.03"]
[EventType "team"]
[EventRounds "9"]
[EventCountry "RUS"]
[SourceTitle "CBM 118 Extra"]
[Source "ChessBase"]
[SourceDate "2007.07.04"]
[SourceVersion "1"]
[SourceVersionDate "2007.07.04"]
[SourceQuality "1"]

1. e4 c5 2. Nf3 d6 3. d4 cxd4 4. Nxd4 Nf6 5. Nc3 a6 6. Be3 e5 7. Nb3 Be6 8. f3 Be7 9. Qd2 0-0 10. 0-0-0 Qc7 11. g4 Nbd7 12. g5 Nh5 13. Nd5 Bxd5 14. exd5 a5 15. Kb1 a4 16. Nc1 a3 17. b3 Nf4 18. h4 f6 19. g6 Nxg6 20. Bh3 f5 21. h5 Nh4 22. Rdf1 f4 23. Bg1 Nf5 24. Ne2 Nc5 25. Bxf5 Rxf5 26. Bxc5 Qxc5 27. Qd3 Raf8 28. c4 Rg5 29. Nc3 Qe3 30. Qc2 Rg3 31. h6 g6 32. Ne4 Rxf3 33. c5 Rxf1+ 34. Rxf1 dxc5 35. d6 Bh4 36. Qc4+ Kh8 37. Rd1 f3 38. Qd5 Qe2 39. Rd2 f2 40. Nxf2 Qf1+ 41. Nd1 Qf5+ 42. Rc2 Bg5 43. Qxc5 Qd3 44. Qxe5+ Bf6 45. Qe2 Qxd6 46. Rd2 Qf4 47. Rd7 Rc8 48. Qd2 Qe5 49. Rxh7+ Kxh7 50. Qd7+ Kxh6 51. Qxc8 Qa1+ 52. Kc2 Qxa2+ 0-1

[Event "RUS-chT2"]
[Site "Sochi"]
[Date "2007.05.04"]
[Round "2"]
[White "Lanin, Alexsej"]
[Black "Batsanin, Dmitry"]
[Result "1/2-1/2"]
[WhiteElo "2465"]
[BlackElo "2452"]
[PlyCount "107"]
[EventDate "2007.05.03"]
[EventType "team"]
[EventRounds "9"]
[EventCountry "RUS"]
[SourceTitle "CBM 118 Extra"]
[Source "ChessBase"]
[SourceDate "2007.07.04"]
[SourceVersion "1"]
[SourceVersionDate "2007.07.04"]
[SourceQuality "1"]

1. e4 e6 2. d4 d5 3. Nc3 Nf6 4. Bg5 Bb4 5. e5 h6 6. Bd2 Bxc3 7. bxc3 Ne4 8. Qg4 Kf8 9. Bc1 c5 10. Bd3 Qa5 11. Ne2 cxd4 12. Bxe4 dxe4 13. Qxe4 Nc6 14. Bf4 Bd7 15. 0-0 dxc3 16. Rfd1 Be8 17. Rab1 Rb8 18. Qd3 Rd8 19. Qxc3 Rxd1+ 20. Rxd1 Qxa2 21. Ng3 Qa4 22. Bc1 h5 23. Ba3+ Kg8 24. Bd6 h4 25. Nf1 h3 26. g3 Rh4 27. f4 Qe4 28. Ne3 Rh8 29. Qd3 Qxd3 30. Rxd3 f6 31. g4 fxe5 32. fxe5 Kf7 33. Kf2 Kg6 34. c4 b6 35. Kg3 Kg5 36. Nd1 Bg6 37. Rf3 Re8 38. Nf2 Nd4 39. Nxh3+ Kh6 40. Ra3 a5 41. c5 bxc5 42. Bxc5 Nc6 43. Kf4 Bb1 44. Bd6 Ra8 45. Ke3 a4 46. Nf4 Ra5 47. Bc7 Nxe5 48. Bxa5 Nc4+ 49. Kd4 Nxa3 50. Nxe6 Nb5+ 51. Kc5 Bd3 52. Bd2+ Kh7 53. Nd4 Nxd4 54. Kxd4 1/2-1/2

[Event "RUS-chT2"]
[Site "Sochi"]
[Date "2007.05.03"]
[Round "1"]
[White "Matsenko, Sergei"]
[Black "Lanin, Alexsej"]
[Result "1-0"]
[WhiteElo "2374"]
[BlackElo "2465"]
[PlyCount "63"]
[EventDate "2007.05.03"]
[EventType "team"]
[EventRounds "9"]
[EventCountry "RUS"]
[SourceTitle "CBM 118 Extra"]
[Source "ChessBase"]
[SourceDate "2007.07.04"]
[SourceVersion "1"]
[SourceVersionDate "2007.07.04"]
[SourceQuality "1"]

1. e4 c5 2. Nf3 d6 3. d4 cxd4 4. Qxd4 Nf6 5. Nc3 Bd7 6. Bg5 Nc6 7. Qd2 a6 8. 0-0-0 e6 9. Bf4 Ng4 10. h3 Nge5 11. Nd4 Na5 12. Nb3 Nac4 13. Bxc4 Nxc4 14. Qd3 b5 15. Nd2 Ne5 16. Qg3 Qc7 17. Bxe5 dxe5 18. Nf3 f6 19. Rd2 Rc8 20. Rhd1 Bc6 21. Qh4 Kf7 22. Rd3 b4 23. Ng5+ fxg5 24. Rf3+ Ke7 25. Qh5 g6 26. Qxg5+ Ke8 27. Qf6 Qe7 28. Qxh8 Bb7 29. Rxf8+ Qxf8 30. Qxh7 Bc6 31. Ne2 Ba4 32. Qxg6+ 1-0

[Event "RUS-ch U20"]
[Site "St Petersburg"]
[Date "2007.03.21"]
[Round "11"]
[White "Andreikin, Dmitry"]
[Black "Lanin, Alexsej"]
[Result "1-0"]
[WhiteElo "2509"]
[BlackElo "2465"]
[PlyCount "59"]
[EventDate "2007.03.10"]
[EventType "tourn"]
[EventRounds "11"]
[EventCountry "RUS"]
[EventCategory "11"]
[SourceTitle "CBM 117 Extra"]
[Source "ChessBase"]
[SourceDate "2007.05.09"]
[SourceVersion "1"]
[SourceVersionDate "2007.05.09"]
[SourceQuality "1"]

1. e4 c5 2. Nf3 d6 3. d4 cxd4 4. Nxd4 Nf6 5. Nc3 a6 6. Be3 e5 7. Nde2 Be7 8. Ng3 Be6 9. Be2 0-0 10. 0-0 g6 11. Qd2 Nbd7 12. Bh6 Re8 13. Nf5 Qb6 14. Nxe7+ Rxe7 15. Rab1 Ne8 16. Kh1 Rc8 17. f4 exf4 18. Bg5 f6 19. Bxf4 Qc6 20. Rf3 Ne5 21. Rg3 Rf7 22. h4 Kh8 23. Rf1 Ng7 24. Bxe5 dxe5 25. Qh6 Bc4 26. Rxg6 Bxe2 27. Rfxf6 Qd7 28. Nxe2 Rxc2 29. Qxg7+ Rxg7 30. Rf8+ 1-0

[Event "RUS-ch U20"]
[Site "St Petersburg"]
[Date "2007.03.20"]
[Round "10"]
[White "Lanin, Alexsej"]
[Black "Khairullin, Ildar"]
[Result "1/2-1/2"]
[WhiteElo "2465"]
[BlackElo "2586"]
[PlyCount "40"]
[EventDate "2007.03.10"]
[EventType "tourn"]
[EventRounds "11"]
[EventCountry "RUS"]
[EventCategory "11"]
[SourceTitle "CBM 117 Extra"]
[Source "ChessBase"]
[SourceDate "2007.05.09"]
[SourceVersion "1"]
[SourceVersionDate "2007.05.09"]
[SourceQuality "1"]

1. e4 e5 2. Nf3 Nc6 3. Bb5 a6 4. Ba4 Nf6 5. 0-0 Be7 6. Re1 b5 7. Bb3 d6 8. c3 0-0 9. d4 Bg4 10. d5 Na5 11. Bc2 Qc8 12. Nbd2 c6 13. b4 Nb7 14. dxc6 Qxc6 15. Bb2 Nd8 16. Nf1 Ne6 17. h3 Bh5 18. Ng3 Bg6 19. Nh4 Rfd8 20. Qf3 a5 1/2-1/2